Probleme der Ökonomie, Leitung und Planung volkswirtschaftlich bedeutsamer Neuerungsprozesse Studientexte

Salvato in:
Dettagli Bibliografici
Natura: Libro
Lingua:tedesco
Pubblicazione: Berlin Hochschule für Ökonomie "Bruno Leuschner" 1982
Tags: Aggiungi Tag
Nessun Tag, puoi essere il primo ad aggiungerne!!

MARC

LEADER 00000nam a2200000 4500
001 c131443
005 20041019155252.4
041 0 |a ger 
044 |a DE 
245 1 0 |a Probleme der Ökonomie, Leitung und Planung volkswirtschaftlich bedeutsamer Neuerungsprozesse  |b Studientexte 
264 1 |a Berlin  |b Hochschule für Ökonomie "Bruno Leuschner"  |c 1982 
300 |a 660 s.